| 000 | 00991nam a2200373 a 4500 | ||
|---|---|---|---|
| 003 | AR-BaBNM | ||
| 005 | 20251128205510.0 | ||
| 008 | 082120s2002 ||||||||||||||000 | spa|| | ||
| 020 | _a84-254-1522-5 | ||
| 040 | _cAR-BaBNM | ||
| 100 | 1 | _aGoodoy, Jack | |
| 245 | 0 | 0 | _aLa evolución de la familia y del matrimonio en Europa |
| 260 |
_aBarcelona _bHerder _c1986 |
||
| 300 |
_a418 p. _bmapas, il., láms., gráfs. |
||
| 500 | _aApéndices p. 301-376 | ||
| 504 | _aBibliografía para consultar p. 377-395 | ||
| 650 | 4 | _aFAMILIA | |
| 650 | 4 | _aMATRIMONIO | |
| 650 | 4 | _aREFORMA | |
| 650 | 4 | _aHISTORIA SOCIAL | |
| 650 | 4 | _aIGLESIA | |
| 650 | 4 | _aANTROPOLOGIA CULTURAL Y SOCIAL | |
| 650 | 4 | _aCULTURAS EUROPEAS | |
| 650 | 4 | _aVIDA FAMILIAR | |
| 650 | 4 | _aMUJERES | |
| 650 | 4 | _aMADRES | |
| 650 | 4 | _aMUJERES CASADAS | |
| 650 | 4 | _aDERECHOS DE LA MUJER | |
| 650 | 4 | _aCOSTUMBRES Y TRADICIONES | |
| 650 | 4 | _aSOCIOLOGIA | |
| 651 | 4 | _aEuropa | |
| 942 | _cBK | ||
| 998 | _cmariana | ||
| 999 |
_c11637 _d11637 |
||